000
00301nam a2200133Ia 4500
008
231129s9999||||xx |||||||||||||| ||spa||
040
_b
spa
082
_a
U813 B118ju
100
_a
Bach Richard
245
0
_a
Juan Salvador Gaviota: un relato
260
_c
199
264
_a
s.l]
942
_2
ddc
_c
BKS
999
_c
16197
_d
16197